[Event "Titled Tuesday intern op 04th Feb Early"]
[Site "Chess.com INT"]
[Date "2025.02.04"]
[Round "8"]
[White "Concio, Michael Jr"]
[Black "Zhu, Jiner"]
[Result "1/2-1/2"]
[WhiteElo "2376"]
[BlackElo "2514"]
[PlyCount "143"]
[EventDate "2025.02.04"]
[EventType "swiss (blitz)"]
[EventRounds "11"]
[EventCountry "USA"]
[SourceTitle "CB07_2025"]
[SourceDate "2025.02.12"]
[SourceVersion "1"]
[SourceVersionDate "2025.02.12"]
[SourceQuality "1"]

1. d4 Nf6 2. c4 g6 3. Nc3 Bg7 4. e4 d6 5. Nf3 0-0 6. Be2 e5 7. Be3 Nc6 8. d5 Ne7 9. 0-0 Ng4 10. Bc1 f5 11. Ne1 Nf6 12. exf5 gxf5 13. f4 e4 14. Nc2 c5 15. Rb1 Nd7 16. Nb5 Nb6 17. b3 a6 18. Nba3 Ng6 19. Ne3 Rf7 20. Nac2 Nd7 21. g3 Rb8 22. a4 Qf8 23. Qd2 b6 24. Bb2 Bxb2 25. Rxb2 Qg7 26. Rbb1 Nf6 27. Kf2 Bd7 28. Na3 Ne8 29. Qb2 Nc7 30. Qxg7+ Kxg7 31. Rfc1 Kf6 32. h3 Rff8 33. Ng2 Rg8 34. g4 Ne7 35. g5+ Kg6 36. h4 h6 37. Rg1 Kh7 38. Ne3 hxg5 39. hxg5 Kg7 40. Rh1 Rh8 41. Rxh8 Rxh8 42. Kg3 Ng6 43. Ra1 Rh4 44. Ng2 Rh8 45. Nc2 Ra8 46. Bh5 Ne7 47. Nce3 b5 48. axb5 axb5 49. Rxa8 Nxa8 50. cxb5 Bxb5 51. Nh4 Bd7 52. Nc4 Nc7 53. Nxd6 Ncxd5 54. Be2 Nc3 55. Bc4 Nd1 56. Be2 Nc3 57. Bf1 Ncd5 58. Bh3 Nc3 59. Bxf5 Nxf5+ 60. Nhxf5+ Kg6 61. Ne7+ Kh5 62. g6 Ne2+ 63. Kf2 Nxf4 64. g7 Be6 65. g8Q Bxg8 66. Nxg8 Nd3+ 67. Ke3 Nc1 68. Nf6+ Kh4 69. Nfxe4 Nxb3 70. Kd3 c4+ 71. Kxc4 Nd2+ 72. Nxd2 1/2-1/2

[Event "Titled Tuesday intern op 04th Feb Early"]
[Site "Chess.com INT"]
[Date "2025.02.04"]
[Round "10"]
[White "Cuellar Montes, Alejandro"]
[Black "Zhu, Jiner"]
[Result "1-0"]
[WhiteElo "2194"]
[BlackElo "2514"]
[PlyCount "113"]
[EventDate "2025.02.04"]
[EventType "swiss (blitz)"]
[EventRounds "11"]
[EventCountry "USA"]
[SourceTitle "CB07_2025"]
[SourceDate "2025.02.12"]
[SourceVersion "1"]
[SourceVersionDate "2025.02.12"]
[SourceQuality "1"]

1. e4 e5 2. Nf3 Nc6 3. Bb5 a6 4. Ba4 d6 5. 0-0 g6 6. d4 Bd7 7. d5 Nb8 8. c4 Bg7 9. Nc3 Ne7 10. Be3 0-0 11. c5 h6 12. Qd2 Kh7 13. Bb3 f5 14. cxd6 cxd6 15. Qc2 f4 16. Bd2 g5 17. Ne1 g4 18. f3 h5 19. Nd3 Ng6 20. Nf2 g3 21. hxg3 fxg3 22. Nh3 Bxh3 23. gxh3 Nh4 24. f4 Qb6+ 25. Kh1 g2+ 26. Kh2 gxf1Q 27. Rxf1 exf4 28. e5+ Kh8 29. e6 Qd4 30. Be1 f3 31. e7 Qe5+ 32. Bg3 Qxe7 33. Re1 Qd8 34. Qf2 Ng2 35. Re6 Nd7 36. Ne4 h4 37. Bxd6 Rf7 38. Bb4 Rc8 39. Nd6 Qc7 40. Bc3 Bxc3 41. bxc3 Rg7 42. Kh1 Qxc3 43. Bd1 Rf8 44. Ne4 Qa1 45. Qd2 Kg8 46. Rd6 f2 47. Nxf2 Rxf2 48. Qxf2 Qxd1+ 49. Kh2 Nf8 50. Rf6 Nh7 51. Rf5 Qd4 52. Qxd4 Ne1 53. d6 Ng5 54. Qd5+ Kh7 55. d7 Ngf3+ 56. Rxf3 Rg2+ 57. Kh1 1-0

[Event "Titled Tuesday intern op 04th Feb Early"]
[Site "Chess.com INT"]
[Date "2025.02.04"]
[Round "3"]
[White "Esmeraldas Huachi, Anderson Yahir"]
[Black "Zhu, Jiner"]
[Result "0-1"]
[WhiteElo "2127"]
[BlackElo "2514"]
[PlyCount "36"]
[EventDate "2025.02.04"]
[EventType "swiss (blitz)"]
[EventRounds "11"]
[EventCountry "USA"]
[SourceTitle "CB07_2025"]
[SourceDate "2025.02.12"]
[SourceVersion "1"]
[SourceVersionDate "2025.02.12"]
[SourceQuality "1"]

1. d4 Nf6 2. c4 g6 3. Nc3 Bg7 4. e4 d6 5. Be2 0-0 6. Be3 c5 7. d5 e6 8. h3 exd5 9. exd5 Re8 10. Nf3 Qb6 11. Qb3 Qxb3 12. axb3 Ne4 13. Nxe4 Rxe4 14. Bc1 Na6 15. Kd1 Nb4 16. Ne1 Bd7 17. Nc2 Nxc2 18. Kxc2 Rxe2+ 0-1

[Event "Titled Tuesday intern op 04th Feb Early"]
[Site "Chess.com INT"]
[Date "2025.02.04"]
[Round "1"]
[White "Jimenez Salas, Maria Teresa"]
[Black "Zhu, Jiner"]
[Result "0-1"]
[WhiteElo "2113"]
[BlackElo "2514"]
[PlyCount "90"]
[EventDate "2025.02.04"]
[EventType "swiss (blitz)"]
[EventRounds "11"]
[EventCountry "USA"]
[SourceTitle "CB07_2025"]
[SourceDate "2025.02.12"]
[SourceVersion "1"]
[SourceVersionDate "2025.02.12"]
[SourceQuality "1"]

1. e4 Nc6 2. d4 d5 3. e5 Bf5 4. c3 f6 5. f4 fxe5 6. fxe5 e6 7. Nf3 Qd7 8. Be3 h6 9. Nbd2 g5 10. Bb5 Bg7 11. 0-0 Nge7 12. h4 g4 13. Nh2 h5 14. Nb3 a6 15. Nc5 Qc8 16. Bd3 b6 17. Nb3 Bh6 18. Bxh6 Rxh6 19. Qd2 Rg6 20. g3 Qd7 21. Rf2 a5 22. Raf1 0-0-0 23. Bxf5 Nxf5 24. Kg2 Rg7 25. Rf4 Rf8 26. R1f2 Rgf7 27. Nf1 a4 28. Nc1 Na5 29. b3 axb3 30. axb3 Kb7 31. Ne3 Nxh4+ 32. Kf1 Rxf4 33. Rxf4 Rxf4+ 34. gxf4 Qf7 35. Qf2 Nf3 36. Ng2 Qf5 37. Nh4 Nxh4 38. Qxh4 Qxf4+ 39. Kg2 Qxc1 40. Qxh5 Qd1 41. Qg6 Qf3+ 42. Kg1 g3 43. Qc2 Nxb3 44. c4 Nxd4 45. c5 Ne2+ 0-1

[Event "Titled Tuesday intern op 04th Feb Early"]
[Site "Chess.com INT"]
[Date "2025.02.04"]
[Round "5"]
[White "Melikyan, Gnel"]
[Black "Zhu, Jiner"]
[Result "0-1"]
[WhiteElo "2217"]
[BlackElo "2514"]
[PlyCount "46"]
[EventDate "2025.02.04"]
[EventType "swiss (blitz)"]
[EventRounds "11"]
[EventCountry "USA"]
[SourceTitle "CB07_2025"]
[SourceDate "2025.02.12"]
[SourceVersion "1"]
[SourceVersionDate "2025.02.12"]
[SourceQuality "1"]

1. g3 Nf6 2. Bg2 g6 3. Nf3 Bg7 4. 0-0 0-0 5. Re1 d5 6. d3 c5 7. Nbd2 Nc6 8. e4 d4 9. c3 dxc3 10. Nb3 Ng4 11. Rb1 c2 12. Qxc2 Nb4 13. Qe2 Qxd3 14. Bd2 Qxe2 15. Rxe2 Nd3 16. h3 Nge5 17. Nxe5 Bxe5 18. f4 Bc7 19. Bc3 b5 20. Rd1 c4 21. Nd4 Bb6 22. b4 Rd8 23. e5 Rb8 0-1

[Event "Titled Tuesday intern op 04th Feb Early"]
[Site "Chess.com INT"]
[Date "2025.02.04"]
[Round "11"]
[White "Zhu, Jiner"]
[Black "Azar, Sebastien"]
[Result "1-0"]
[WhiteElo "2514"]
[BlackElo "1985"]
[PlyCount "63"]
[EventDate "2025.02.04"]
[EventType "swiss (blitz)"]
[EventRounds "11"]
[EventCountry "USA"]
[SourceTitle "CB07_2025"]
[SourceDate "2025.02.12"]
[SourceVersion "1"]
[SourceVersionDate "2025.02.12"]
[SourceQuality "1"]

1. Nf3 Nf6 2. d4 d5 3. e3 e6 4. c4 Be7 5. Nc3 0-0 6. a3 a6 7. b4 dxc4 8. Bxc4 b5 9. Bd3 a5 10. bxa5 c5 11. 0-0 c4 12. Bc2 Qxa5 13. Bd2 b4 14. axb4 Qxa1 15. Qxa1 Rxa1 16. Rxa1 Bxb4 17. Ra4 Nc6 18. Ne4 Nxe4 19. Bxb4 Nxb4 20. Bxe4 Nd5 21. Rxc4 Ba6 22. Bxd5 exd5 23. Rc1 f6 24. g3 Rb8 25. h4 Kf7 26. Ne1 Ke6 27. Ng2 Bc4 28. Nf4+ Kf5 29. f3 h5 30. Rxc4 g5 31. e4+ dxe4 32. Rc5# 1-0

[Event "Titled Tuesday intern op 04th Feb Early"]
[Site "Chess.com INT"]
[Date "2025.02.04"]
[Round "4"]
[White "Zhu, Jiner"]
[Black "Bolashakov, Nurali"]
[Result "1-0"]
[WhiteElo "2514"]
[BlackElo "2034"]
[PlyCount "105"]
[EventDate "2025.02.04"]
[EventType "swiss (blitz)"]
[EventRounds "11"]
[EventCountry "USA"]
[SourceTitle "CB07_2025"]
[SourceDate "2025.02.12"]
[SourceVersion "1"]
[SourceVersionDate "2025.02.12"]
[SourceQuality "1"]

1. Nf3 Nf6 2. c4 g6 3. b3 Bg7 4. Bb2 0-0 5. g3 b6 6. Bg2 Bb7 7. d4 d6 8. d5 Nbd7 9. 0-0 a5 10. Qc2 Nc5 11. Nd4 Re8 12. e4 Nfd7 13. Na3 e5 14. Ne2 Rf8 15. Nb5 Ba6 16. Rae1 Bxb5 17. cxb5 h6 18. f4 Kh7 19. f5 g5 20. Bf3 Nf6 21. g4 Re8 22. Kg2 Kg8 23. Ng3 Kf8 24. Rh1 Ke7 25. h4 Rh8 26. hxg5 hxg5 27. Bc1 Nh7 28. Rh2 f6 29. Reh1 Qg8 30. a3 Nf8 31. b4 Rxh2+ 32. Rxh2 axb4 33. axb4 Ncd7 34. Qxc7 Ra2+ 35. Kg1 Rxh2 36. Kxh2 Qh7+ 37. Nh5 Bh8 38. Be3 Qf7 39. Bxb6 Qe8 40. Ba5 Qa8 41. b6 Qa6 42. b7 Qb5 43. Ng3 Qd3 44. Bg2 Qb5 45. Bf1 Qa4 46. b8Q Qa2+ 47. Bg2 Bg7 48. Qbd8+ Kf7 49. Nh5 Qf2 50. Qcxd7+ Nxd7 51. Qxd7+ Kf8 52. Qxg7+ Ke8 53. Nxf6# 1-0

[Event "Titled Tuesday intern op 04th Feb Early"]
[Site "Chess.com INT"]
[Date "2025.02.04"]
[Round "9"]
[White "Zhu, Jiner"]
[Black "Esipenko, Andrey"]
[Result "0-1"]
[WhiteElo "2514"]
[BlackElo "2695"]
[PlyCount "50"]
[EventDate "2025.02.04"]
[EventType "swiss (blitz)"]
[EventRounds "11"]
[EventCountry "USA"]
[SourceTitle "CB07_2025"]
[SourceDate "2025.02.12"]
[SourceVersion "1"]
[SourceVersionDate "2025.02.12"]
[SourceQuality "1"]

1. Nf3 d5 2. c4 Nf6 3. g3 d4 4. Bg2 c5 5. b4 cxb4 6. a3 bxa3 7. Nxa3 Nc6 8. 0-0 e5 9. d3 Be7 10. Qb3 Nd7 11. Nc2 Nc5 12. Qb1 0-0 13. Ba3 Qc7 14. Nb4 Nxb4 15. Bxb4 Bd7 16. Nd2 Bc6 17. Bxc6 Qxc6 18. Bxc5 Bxc5 19. Qb3 a5 20. Rfb1 Bb4 21. Nf3 Rae8 22. Ne1 e4 23. Nc2 Bc3 24. Ra4 exd3 25. exd3 Qf3 0-1

[Event "Titled Tuesday intern op 04th Feb Early"]
[Site "Chess.com INT"]
[Date "2025.02.04"]
[Round "6"]
[White "Zhu, Jiner"]
[Black "Ilamparthi, AR."]
[Result "0-1"]
[WhiteElo "2514"]
[BlackElo "2505"]
[PlyCount "72"]
[EventDate "2025.02.04"]
[EventType "swiss (blitz)"]
[EventRounds "11"]
[EventCountry "USA"]
[SourceTitle "CB07_2025"]
[SourceDate "2025.02.12"]
[SourceVersion "1"]
[SourceVersionDate "2025.02.12"]
[SourceQuality "1"]

1. Nf3 Nf6 2. c4 g6 3. b3 Bg7 4. Bb2 0-0 5. g3 d6 6. d4 c6 7. Bg2 Qc7 8. 0-0 Re8 9. Nc3 e5 10. e4 exd4 11. Nxd4 Nbd7 12. Re1 Nc5 13. b4 Ne6 14. Nb3 Nd7 15. Qc2 Ne5 16. Nd2 Qb6 17. Na4 Qa6 18. f4 b5 19. cxb5 cxb5 20. fxe5 Qxa4 21. Qc6 Ba6 22. Nf3 Rac8 23. Qxd6 Red8 24. Qe7 Rc7 25. Qh4 Qxb4 26. Rab1 Rc2 27. Bh3 Qc5+ 28. Kh1 Re8 29. Bxe6 Rxe6 30. Bd4 Qa3 31. Ng5 h6 32. Rb3 Qa5 33. Nxe6 Qxe1+ 34. Bg1 fxe6 35. Rf3 Bb7 36. Rf4 g5 0-1

[Event "Titled Tuesday intern op 04th Feb Early"]
[Site "Chess.com INT"]
[Date "2025.02.04"]
[Round "7"]
[White "Zhu, Jiner"]
[Black "Malikova, Marjona"]
[Result "1/2-1/2"]
[WhiteElo "2514"]
[BlackElo "2051"]
[PlyCount "149"]
[EventDate "2025.02.04"]
[EventType "swiss (blitz)"]
[EventRounds "11"]
[EventCountry "USA"]
[SourceTitle "CB07_2025"]
[SourceDate "2025.02.12"]
[SourceVersion "1"]
[SourceVersionDate "2025.02.12"]
[SourceQuality "1"]

1. Nf3 Nf6 2. e3 g6 3. d4 Bg7 4. Be2 d6 5. 0-0 0-0 6. c4 Bf5 7. Nc3 Nc6 8. a3 e5 9. b4 Ne4 10. Bb2 exd4 11. exd4 Re8 12. Re1 Qf6 13. Nd5 Qd8 14. h3 Ne7 15. Ne3 c6 16. Nxf5 Nxf5 17. Bd3 d5 18. Qc2 Nh4 19. Bxe4 dxe4 20. Rxe4 Nxf3+ 21. gxf3 Qf6 22. Rae1 Red8 23. Kg2 Qg5+ 24. Kh2 Qf5 25. Qe2 Bh6 26. Bc1 Bxc1 27. Rxc1 a5 28. Re1 axb4 29. axb4 Ra3 30. Re8+ Rxe8 31. Qxe8+ Kg7 32. Qe5+ Qxe5+ 33. Rxe5 Ra4 34. d5 cxd5 35. cxd5 Rxb4 36. Re7 Rd4 37. Rd7 b5 38. Kg3 b4 39. d6 b3 40. Rb7 Rxd6 41. Rxb3 Rf6 42. f4 Rf5 43. f3 h5 44. Rb8 Rf6 45. h4 Rf5 46. Rb6 Rf6 47. Rb5 Re6 48. f5 Rf6 49. fxg6 fxg6 50. Rb7+ Rf7 51. Rb6 Rf6 52. Rb5 Rf7 53. Rg5 Kh6 54. Ra5 Kg7 55. Kf2 Re7 56. f4 Rf7 57. Kf3 Kf6 58. Ke4 Re7+ 59. Kf3 Re6 60. Rg5 Re7 61. Rc5 Re6 62. Rc8 Re7 63. Rf8+ Rf7 64. Ra8 Rc7 65. Ra6+ Kf5 66. Ra5+ Kf6 67. Rg5 Rc3+ 68. Kf2 Rc2+ 69. Kg3 Rc3+ 70. Kg2 Rc2+ 71. Kh3 Rc3+ 72. Kh2 Rc2+ 73. Kg3 Rc3+ 74. Kg2 Rc2+ 75. Kg3 1/2-1/2

[Event "Titled Tuesday intern op 28th Jan Early"]
[Site "Chess.com INT"]
[Date "2025.01.28"]
[Round "9"]
[White "Delgado Kuffo, Andres"]
[Black "Zhu, Jiner"]
[Result "0-1"]
[WhiteElo "2320"]
[BlackElo "2514"]
[PlyCount "56"]
[EventDate "2025.01.28"]
[EventType "swiss (blitz)"]
[EventRounds "11"]
[EventCountry "USA"]
[SourceTitle "CB06_2025"]
[SourceDate "2025.02.05"]
[SourceVersion "1"]
[SourceVersionDate "2025.02.05"]
[SourceQuality "1"]

1. e4 e5 2. Nc3 Nc6 3. Bc4 Nf6 4. d3 Be7 5. f4 exf4 6. Bxf4 d6 7. Nf3 Be6 8. Bb3 Qd7 9. 0-0 0-0 10. d4 Bxb3 11. axb3 d5 12. Ne5 Qe6 13. Nb5 Nxe5 14. Nxc7 Qd7 15. Nxa8 Nc6 16. Nc7 Nxe4 17. Nb5 g5 18. Be3 f5 19. Nxa7 f4 20. Nxc6 bxc6 21. Bd2 Bd6 22. h3 Ng3 23. Re1 f3 24. Be3 h5 25. Rf1 g4 26. Qd3 Qg7 27. h4 Nxf1 28. Rxf1 Qf6 0-1

[Event "Titled Tuesday intern op 28th Jan Early"]
[Site "Chess.com INT"]
[Date "2025.01.28"]
[Round "5"]
[White "Harsh, Suresh"]
[Black "Zhu, Jiner"]
[Result "1-0"]
[WhiteElo "2414"]
[BlackElo "2514"]
[PlyCount "111"]
[EventDate "2025.01.28"]
[EventType "swiss (blitz)"]
[EventRounds "11"]
[EventCountry "USA"]
[SourceTitle "CB06_2025"]
[SourceDate "2025.02.05"]
[SourceVersion "1"]
[SourceVersionDate "2025.02.05"]
[SourceQuality "1"]

1. b3 e5 2. Bb2 d6 3. c4 Nf6 4. g3 g6 5. Bg2 Bg7 6. Nf3 0-0 7. 0-0 Nc6 8. d4 Re8 9. dxe5 Ng4 10. Nc3 Ngxe5 11. Nxe5 Nxe5 12. Qd2 a6 13. Rad1 Nd7 14. Nd5 Rb8 15. h4 h5 16. Rfe1 Ne5 17. f4 Ng4 18. e4 c6 19. Bxg7 Kxg7 20. Qd4+ Kg8 21. Ne3 Nxe3 22. Rxe3 Bg4 23. Rd2 Qa5 24. Red3 Rbd8 25. Qf6 Re6 26. Qg5 Qxg5 27. hxg5 Kf8 28. Kf2 Ke7 29. Bf3 Bxf3 30. Kxf3 Rh8 31. c5 Rd8 32. b4 Rd7 33. f5 gxf5 34. exf5 Re5 35. cxd6+ Kf8 36. Kf4 Rb5 37. a3 a5 38. Rd4 axb4 39. axb4 c5 40. bxc5 Rxc5 41. f6 b5 42. Re4 Rc6 43. Rde2 Kg8 44. Re8+ Kh7 45. R2e7 Rcxd6 46. Rxd7 Rxd7 47. Re7 Rd4+ 48. Ke5 Rd3 49. Rxf7+ Kg8 50. Rg7+ Kf8 51. Kf5 Rxg3 52. Rb7 h4 53. Rb8+ Kf7 54. g6+ Rxg6 55. Rb7+ Kf8 56. Kxg6 1-0

[Event "Titled Tuesday intern op 28th Jan Early"]
[Site "Chess.com INT"]
[Date "2025.01.28"]
[Round "11"]
[White "Kozlov, Denis1"]
[Black "Zhu, Jiner"]
[Result "0-1"]
[WhiteElo "2123"]
[BlackElo "2514"]
[PlyCount "76"]
[EventDate "2025.01.28"]
[EventType "swiss (blitz)"]
[EventRounds "11"]
[EventCountry "USA"]
[SourceTitle "CB06_2025"]
[SourceDate "2025.02.05"]
[SourceVersion "1"]
[SourceVersionDate "2025.02.05"]
[SourceQuality "1"]

1. e4 e5 2. Nf3 Nc6 3. Nc3 Nf6 4. d4 exd4 5. Nxd4 Bb4 6. Nxc6 bxc6 7. Bd3 d5 8. exd5 cxd5 9. 0-0 0-0 10. Bg5 Be7 11. h3 Be6 12. Qf3 c5 13. b3 h6 14. Bf4 Re8 15. Rad1 Bf8 16. Na4 Rc8 17. c4 d4 18. Rfe1 Bd7 19. Rxe8 Qxe8 20. Bxh6 Bxa4 21. bxa4 Qxa4 22. Bg5 Qc6 23. Qf5 Be7 24. Re1 g6 25. Qe5 Rc7 26. Be2 Rd7 27. Bf3 Qb6 28. Bd5 Nxd5 29. cxd5 f6 30. Qe6+ Qxe6 31. dxe6 Rc7 32. Bf4 Rc6 33. Rb1 Rxe6 34. Rb8+ Kf7 35. Rb7 g5 36. Bd2 Re2 37. Ba5 Rxa2 38. Bd8 Re2 0-1

[Event "Titled Tuesday intern op 28th Jan Early"]
[Site "Chess.com INT"]
[Date "2025.01.28"]
[Round "6"]
[White "Parfenov, Viktor N"]
[Black "Zhu, Jiner"]
[Result "0-1"]
[WhiteElo "2193"]
[BlackElo "2514"]
[PlyCount "110"]
[EventDate "2025.01.28"]
[EventType "swiss (blitz)"]
[EventRounds "11"]
[EventCountry "USA"]
[SourceTitle "CB06_2025"]
[SourceDate "2025.02.05"]
[SourceVersion "1"]
[SourceVersionDate "2025.02.05"]
[SourceQuality "1"]

1. e4 e6 2. d4 d5 3. e5 c5 4. c3 Nc6 5. Nf3 Qb6 6. a3 c4 7. Nbd2 Bd7 8. Rb1 Na5 9. Be2 Ne7 10. 0-0 Nc8 11. Re1 Qc7 12. Nf1 Nb6 13. Bf4 0-0-0 14. h4 h6 15. Qd2 Be7 16. h5 Na4 17. g4 Rdg8 18. Ng3 Kb8 19. Kh1 Ka8 20. Rg1 Rc8 21. Qe3 Qd8 22. Nf1 Rc6 23. Bg3 Rb6 24. Qd2 Bxa3 25. Ne3 Rxb2 26. Rxb2 Bxb2 27. Nd1 Nb3 28. Qc2 Ba3 29. Nd2 Nxd2 30. Qxd2 Be7 31. f4 b5 32. Nb2 Nb6 33. Ra1 Kb7 34. Qc2 a6 35. f5 Bg5 36. Nd1 Qc8 37. Qa2 Na4 38. Nb2 exf5 39. Nxa4 bxa4 40. Rb1+ Ka7 41. Bf3 Bc6 42. e6 fxg4 43. Rb8 Qxb8 44. Bxb8+ Rxb8 45. Bxg4 fxe6 46. Bxe6 Bc1 47. Qc2 Bb2 48. Qh7 a3 49. Qxg7+ Rb7 50. Qf8 a2 51. Qc5+ Rb6 52. Qe7+ Bb7 53. Bxd5 a1Q+ 54. Kg2 Bxc3 55. Bxb7 Qb2+ 0-1

[Event "Titled Tuesday intern op 28th Jan Early"]
[Site "Chess.com INT"]
[Date "2025.01.28"]
[Round "8"]
[White "Slade, Theodore Luke"]
[Black "Zhu, Jiner"]
[Result "1-0"]
[WhiteElo "2070"]
[BlackElo "2514"]
[PlyCount "189"]
[EventDate "2025.01.28"]
[EventType "swiss (blitz)"]
[EventRounds "11"]
[EventCountry "USA"]
[SourceTitle "CB06_2025"]
[SourceDate "2025.02.05"]
[SourceVersion "1"]
[SourceVersionDate "2025.02.05"]
[SourceQuality "1"]

1. Nf3 Nf6 2. c4 g6 3. Nc3 Bg7 4. e4 0-0 5. d4 d6 6. Be2 e5 7. Be3 exd4 8. Nxd4 Re8 9. f3 Nbd7 10. 0-0 a5 11. Qd2 Nc5 12. Rfd1 a4 13. b4 axb3 14. axb3 Rxa1 15. Rxa1 Nh5 16. Rb1 c6 17. b4 Ne6 18. Nb3 Qe7 19. Bf1 f5 20. exf5 gxf5 21. Bf2 Be5 22. Nd4 Qf6 23. Nce2 Nhf4 24. Nxe6 Nxe2+ 25. Bxe2 Qxe6 26. Re1 Qf6 27. Bd3 Be6 28. Qc2 Kg7 29. Bg3 f4 30. Bf2 h5 31. c5 Bc3 32. Rb1 d5 33. Be1 Be5 34. Bf2 Ra8 35. Re1 Bf7 36. Qe2 Bc3 37. Rb1 Ra4 38. Be1 Be5 39. Qc2 h4 40. Qxa4 h3 41. Qc2 Bd4+ 42. Kh1 Qg5 43. Bf5 Kf6 44. Bxh3 Bg6 45. Qd1 Bxb1 46. Qxd4+ Kf7 47. Qd1 Bh7 48. Qc1 Qe5 49. Bc3 Qg5 50. Bd2 d4 51. Bxf4 Qd5 52. Qf1 d3 53. Qe1 Bg6 54. Bd2 Kf8 55. Bg4 Kf7 56. f4 Qc4 57. Bf3 Bf5 58. g3 Be6 59. Kg2 Qc2 60. Qe3 Qc4 61. g4 Qc2 62. f5 Bd5 63. Bxd5+ cxd5 64. g5 d4 65. Qe6+ Kf8 66. Qf6+ Ke8 67. Qe6+ Kd8 68. Qd5+ Kc8 69. Qg8+ Kd7 70. Qe6+ Kc7 71. Qd6+ Kc8 72. Qf4 Qc4 73. g6 Qd5+ 74. Kg3 Qh1 75. Qf2 Qe4 76. f6 Qxg6+ 77. Kh3 Qh5+ 78. Kg2 Qg4+ 79. Kf1 Qd1+ 80. Be1 d2 81. Qxd2 Qf3+ 82. Qf2 Qh1+ 83. Ke2 Qe4+ 84. Kd2 d3 85. f7 Qxb4+ 86. Kxd3 Qb3+ 87. Ke2 Qc4+ 88. Kd1 Qb3+ 89. Kc1 Qc4+ 90. Kb2 Qb5+ 91. Ka3 Qa6+ 92. Kb4 Kc7 93. f8Q Qe6 94. Qd6+ Qxd6 95. cxd6+ 1-0

[Event "Titled Tuesday intern op 28th Jan Early"]
[Site "Chess.com INT"]
[Date "2025.01.28"]
[Round "10"]
[White "Zhu, Jiner"]
[Black "Bratovic, Blaz"]
[Result "1-0"]
[WhiteElo "2514"]
[BlackElo "2325"]
[PlyCount "65"]
[EventDate "2025.01.28"]
[EventType "swiss (blitz)"]
[EventRounds "11"]
[EventCountry "USA"]
[SourceTitle "CB06_2025"]
[SourceDate "2025.02.05"]
[SourceVersion "1"]
[SourceVersionDate "2025.02.05"]
[SourceQuality "1"]

1. Nf3 Nf6 2. e3 d6 3. c4 g6 4. b3 Bg7 5. Bb2 0-0 6. Be2 e5 7. 0-0 c5 8. Nc3 Nc6 9. d3 h6 10. a3 a6 11. Nd2 Rb8 12. Bf3 Bd7 13. Nde4 Be8 14. Nxf6+ Bxf6 15. Nd5 Bg7 16. b4 Ne7 17. d4 Nxd5 18. Bxd5 exd4 19. exd4 Bc6 20. Bxc6 bxc6 21. Qd2 a5 22. bxa5 Rxb2 23. Qxb2 Bxd4 24. Qb6 Bxa1 25. Rxa1 d5 26. Qxc5 dxc4 27. a6 Qd3 28. a7 Rd8 29. h3 Qc3 30. Rb1 Qc2 31. Rf1 Qa4 32. Qb6 Ra8 33. Qb8+ 1-0

[Event "Titled Tuesday intern op 28th Jan Early"]
[Site "Chess.com INT"]
[Date "2025.01.28"]
[Round "2"]
[White "Zhu, Jiner"]
[Black "Lazavik, Denis"]
[Result "0-1"]
[WhiteElo "2514"]
[BlackElo "2578"]
[PlyCount "112"]
[EventDate "2025.01.28"]
[EventType "swiss (blitz)"]
[EventRounds "11"]
[EventCountry "USA"]
[SourceTitle "CB06_2025"]
[SourceDate "2025.02.05"]
[SourceVersion "1"]
[SourceVersionDate "2025.02.05"]
[SourceQuality "1"]

1. e4 c5 2. Nf3 e6 3. d4 cxd4 4. Nxd4 Nc6 5. Nc3 Qc7 6. Be3 a6 7. Be2 Nf6 8. 0-0 Be7 9. f4 d6 10. Kh1 0-0 11. Qe1 Bd7 12. Qg3 b5 13. a3 Rab8 14. Bd3 b4 15. Nce2 bxa3 16. bxa3 Na5 17. Rae1 Nc4 18. Bc1 Nb2 19. e5 Ne8 20. Bxa6 Nc4 21. Qc3 dxe5 22. Qxc4 Qxc4 23. Bxc4 exd4 24. Nxd4 Nd6 25. Bd3 Bf6 26. Nf3 Rfc8 27. Ne5 Ba4 28. Re2 g6 29. h3 Nf5 30. Kh2 Rb1 31. c4 Rbb8 32. Rb2 Be7 33. Re1 Bc5 34. Ree2 Ra8 35. Bxf5 gxf5 36. Be3 Bxa3 37. Rb7 Be8 38. Bd4 Bd6 39. Re3 Rab8 40. Rg3+ Kf8 41. Nd7+ Bxd7 42. Rxd7 Bxf4 43. c5 Rb3 44. Bf2 h5 45. Rd4 Bxg3+ 46. Bxg3 Kg7 47. Bd6 Kg6 48. Ra4 Rc3 49. Ra7 Rc2 50. h4 f4 51. Kh3 f6 52. Ra4 e5 53. Ra7 Kf5 54. Rg7 Ra8 55. Be7 Ra1 56. Kh2 Rcc1 0-1